Analýza zlyhania trhov v podmienkach Slovenska diplomová práca

Gespeichert in:
Bibliographische Detailangaben
1. Verfasser: Lábska, Lucia
Körperschaft: Národohospodárska fakulta EU. Katedra hospodárskej politiky
Weitere Verfasser: Kopkáš, Peter
Format: Buch
Sprache:Slowakisch
Veröffentlicht: Bratislava 2015
Tags: Tag hinzufügen
Keine Tags, Fügen Sie das erste Tag hinzu!

MARC

LEADER 00000nbm a2200000 4500
001 0202436
005 20161212095116.9
041 0 |a slo 
044 |a SK 
245 1 0 |a Analýza zlyhania trhov v podmienkach Slovenska  |b diplomová práca  |c Lucia Lábska ; školiteľ: Peter Kopkáš 
264 1 |a Bratislava  |c 2015 
300 |a 59 s. 
100 1 |a Lábska, Lucia 
700 1 |a Kopkáš, Peter 
710 2 |a Národohospodárska fakulta EU. Katedra hospodárskej politiky